MDQL
is popping MORE tags! Check the
thread
!
Quizzes
Events
Quiz Creation
Community
Videos
Private Events
Remove Ads
Sign In
Join for FREE
Feedback
Dark Mode
Quiz Categories
Sports
Geography
Music
Movies
Television
Just For Fun
Miscellaneous
History
Literature
Language
Science
Gaming
Entertainment
Religion
Holiday
For Kids
Quiz Lab
Recent
Popular Today
Quiz Kudos Today
Editor Picks
Curator Picks
Quizzes by...
Day
Popularity
Type
Ratings
Length
Year
Community
Subscriptions
Recent Discussions
Orange Saloon
Badges
Playlists
Quests
Create
Leaderboards
Showdown
Live 5
Trivia Bingo
Activity
Puzzle Library
Sporcle Events
Private Events
Virtual Trivia
Globe League
Become a Host
Pub Owners
SporcleCon
Opinionation
Our Games
Videos
Blog
Mobile Apps
Partnerships
Remove Ads and Go Orange
Feedback
Sports
Athletes
MLB
NBA
NHL
NFL
Soccer
Sports Teams
WWE
NCAA
Football
Premier League
Basketball
Baseball
Hockey
Golf
Tennis
Cricket
Rugby
Auto Racing
Olympics
World Cup
Sports
Athletes
MLB
NBA
NHL
NFL
Soccer
Sports Teams
WWE
NCAA
Football
Premier League
Basketball
Baseball
Hockey
Golf
Tennis
Cricket
Rugby
Auto Racing
Olympics
World Cup
Random Quiz
Search Sporcle
×
Quiz Lab
Quiz Lab
Sports
tour
Type in answers that appear in a list
Type in answers that appear in a list
Classic
Best Score? Go Orange.
Justine Henin's Tournament Titles Stats
Can you name the the WTA Tour tournaments Justine Henin has won?
By
mathy
15m
41 Questions
148 Plays
148 Plays
148 Plays
Comments
Comments
Give Quiz Kudos
Give Quiz Kudos
-
- Ratings
hide this ad
Replay
Link that replays current quiz
Next Quiz
Link to next quiz in quiz playlist
You Got
0%
They Got
Avg Score
26%
Avg Friend Score
Upgrade to see
Score Distribution
Jump to the score distribution portion of the page
Score
0/41
Timer
15:00
0
Plays Today
Year
Tournament
% Correct
2003
French Open
99.3%
2005
French Open
99.3%
2006
French Open
99.3%
2007
French Open
99.3%
2003
US Open
95.9%
2007
US Open
95.9%
2004
Australian Open
93.9%
2006
Eastbourne
33.1%
2007
International Women's Open
33.1%
2003
Rogers Cup
20.9%
2007
Rogers Cup
20.9%
2002
German Open
17.6%
2003
German Open
17.6%
2005
Qatar Telecom German Open
17.6%
2003
Family Circle Cup
15.5%
2005
Family Circle Cup
15.5%
2006
WTA Tour Championships
15.5%
2007
WTA Tour Championships
15.5%
2004
Olympics
14.9%
2006
Pilot Pen
11.5%
2008
Proximus Diamond Games
11.5%
Year
Tournament
% Correct
2003
Zurich Open
10.8%
2007
Zurich Open
10.8%
2005
J&S Cup
9.5%
2007
J&S Cup
9.5%
2004
Pacific Life Open
8.8%
2001
Ordina Open
8.1%
2004
adidas International
8.1%
2006
adidas International
8.1%
2008
adidas Internationa
8.1%
2002
Generali Ladies Linz
6.8%
2003
Acura Classic
6.1%
2007
Qatar Total Open
6.1%
2003
Dubai Duty Free Women's Open
5.4%
2004
Dubai Duty Free Women's Open
5.4%
2006
Dubai Duty Free Women's Open
5.4%
2007
Dubai Duty Free Women's Open
5.4%
2007
Porsche Tennis Grand Prix
5.4%
1999
Belgian Open
4.7%
2001
Brisbane International
2.7%
2001
Canberra International
2.7%
Quiz Playlist
Details
Report
Send in Message
Add To Playlist
Classic:
Type in answers that appear in a list
Quiz Source
Last Updated: Jul 7, 2017
Quiz Scoreboard
CHALLENGE
Sign Up to Join the Scoreboard
Show All
Scores
Hide
Comments
May contain spoilers
Recently Published
5x2 Blitz: Bands
by SL_Kpop136
Music
30s
Colored Red Africa Blitz
by spor1
Geography
30s
Find the 'City' Movie
by crazypaving
Movies
60s
More to Explore
Quiz From the Vault
Featured Blog Post
14 Easter Pick-up Lines to Find Eggs With
hide this ad
You Might Also Like...
Tags
final
opponent
tour
Tournament
Won
WTA
WTA Tour
Today's Top Quizzes in Sports
Browse Sports
hide this ad
Top Contributed Quizzes in Sports
1
Players with Multiple 50 Home Run Seasons
2
Who Needs Fielders?
3
Criteria MLB: Left Handed Sluggers
4
MLB Players with Two .350 Batting Average Seasons
5
Who Hit More Homers?
6
2020 F1 Drivers Logic Puzzle
7
NBA Teammate Connections
8
Premier League Clubs since 2000 (minefield)
9
MLB Teams by First Game
10
Top 10 NHL Goal Scorers of All Time
Explore More
Trending Topics
Marvel
Disney
Crossword
Harry Potter
NBA
Kpop
Anime
Soccer
Puzzle
Song
WWE
Pokémon
Country
The Office
NFL
hide this ad
More By:
mathy
Quiz
Plays
Rating
Category
Featured
Created
Yelle or Not?
996
2.80
Music
Jan 12, 2017
Sheryl Crow Songs by Album
198
5.00
Music
Mar 26, 2011
SYTYCD Top 4 Finalists
174
5.00
Television
Oct 19, 2009
Monica Seles Tournament Titles
168
1.80
Sports
Oct 18, 2009
Women's Canadian Open Tennis Champions
162
1.80
Sports
Oct 18, 2009
Go to Creator's Profile
Score Distribution
Quiz Creator Spotlight
mathy
Follow
Send a Message
Quizzes Created
-
Created Quiz Play Count
-
More By This Creator
Popular Quizzes Today
1
5x2 Blitz: Bands
2
Find the 'City' Movie
3
Find the US States - No Outlines Minefield
4
Colored Red Africa Blitz
5
The Countries of the World
6
Find the US States
7
9x9 Crossword: Cartoon Network
8
Risky Map Clicking: Biggest States A-Z
More Sports Quizzes
Speed Sports II
Published
Trending Quizzes
Colored Red Africa Blitz II
Colored Red Europe Blitz I
Find the 'Dark' Movie
Find the 'Day' Movie
Find the 'Good' Movie
Recently Updated
Champions League XIs: Real Madrid
pecheneg
Largest US Cities 1790-2010
pecheneg
Rides in Walt Disney World
pecheneg
Most Oscar Losses (Acting)
pecheneg
Beyoncé Albums
pecheneg
Leaping Animals
pecheneg
Reality TV Shows (A-Z)
bhenderson79
Rickey Henderson's Hall of Fame Teammates
pecheneg
Champions League XIs: Arsenal
pecheneg
Quick Pick: Celebrities in WWE's Hall of Fame
aduchscher
Trending Topics
Crossword
Anime
Marvel
Harry Potter
Kpop
Disney
NBA
Soccer
Song
Puzzle
Pokémon
Country
NFL
WWE
The Office
Your Account Isn't Verified!
In order to create a playlist on Sporcle, you need to verify the email address you used during registration. Go to your
Sporcle Settings
to finish the process.
Report this User
Report this user for behavior that violates our
Community Guidelines
.
Details:
Send Report
Go to the Sporcle.com Mobile Site →
Comments